000
00271nam a2200109Ia 4500
008
190216s9999||||xx |||||||||||||| ||und||
100
_a
Vallathol
245
0
_a
Abinjana Shakunthalam
260
_b
"Vallathol Grandhalayam, Cheruthuruthi"
650
_a
Nadakam
942
_c
BK
999
_c
25601
_d
25601